| 000 | 00565nam a22001817a 4500 | ||
|---|---|---|---|
| 999 |
_c157408 _d157408 |
||
| 005 | 20181218125600.0 | ||
| 010 | _aB-090363 | ||
| 020 |
_a818038070X _c395.00 |
||
| 035 | _aB-090363 | ||
| 082 |
_a346.015 _bSAX |
||
| 100 | _aSaxena, Poonam Pradhan | ||
| 245 |
_aFamily law lectures : _bfamily law II / _cby Poonam Pradhan Saxena |
||
| 260 |
_aNew Delhi _bLexis nexis butterworth _c2004 |
||
| 270 |
_a14th floor, vijaya building 17 barakhamba road _bNew Delhi _e110001 |
||
| 300 |
_a685p.: _c22cm |
||
| 942 |
_2ddc _cEN _h346.015 _mSAX |
||